000 00546cas a22001935a 4500
001 L138793
008 070711c1987 xxkqr p 0 a0eng u
022 1 _a0967-859X
035 _a(Sirsi) u138793
041 0 _aeng
110 2 _aSociety for Earthquake and Civil Engineering Dynamics
_92503
245 0 0 _aSECED Newsletter
260 _aLondon
_bSECED
_c1987-
362 0 _a11(1) January 1997-18(1) May 2004
554 _aFour per year
651 4 _aInternational
690 _aBUILT ENVIRONMENT-ENGINEERING-CIVIL ENGINEERING
942 _n0
999 _c119037
_d119037